Nederlandse provincies en hoofdsteden - Statistieken

Algemene statistieken
  • Deze quiz is 673 keer genomen
  • De gemiddelde score is 19 van 22
Antwoordstatistieken
Antwoord % Correct
Groningen
96%
Noord-Holland
96%
Zuid-Holland
96%
Utrecht
94%
Limburg
93%
Friesland
92%
Zeeland
92%
Noord-Brabant
90%
Drenthe
88%
Gelderland
88%
Den Haag
87%
Flevoland
87%
Maastricht
86%
Overijssel
85%
Leeuwarden
81%
Lelystad
80%
Haarlem
79%
's-Hertogenbosch
79%
Middelburg
77%
Assen
76%
Zwolle
76%
Arnhem
72%
Geen overeenkomende quizzen gevonden
Scoreverdeling
Procent van Mensen met Elke Score
Percentiel versus Aantal Correcte Antwoorden
Uw Scoregeschiedenis
U heeft deze quiz nog niet genomen